Ritmo y expresión corporal mediante coreografías

La danza es una de las formas de comunicación y expresión más ricas que aprendida y escenificada en forma de coreografía reúne los principales requisitos de interacción grupal, desde la desinhibición y motivación, hasta el desarrollo de las principales capacidades expresivas, cognitivas y físicas, q...

Full description

Bibliographic Details
Main Author: Martínez López, Emilio J.
Other Authors: Zagalaz Sánchez, Ma. Luisa (María Luisa)
Format: Libro
Language:Spanish
Published: Barcelona : Paidotribo, 2007.
Series:Gimnasia
Subjects:
Online Access:

MARC

LEADER 00000cam a2200000 a 4500
001 020367
003 UAHC_CL
005 20190307130132.0
008 071203s2007 sp 000 spa
952 |0 0  |1 0  |2 ddc  |4 0  |6 792_820000000000000_MAR  |7 0  |8 COMP  |9 40882  |a BS  |b BS  |c General  |d 2017-08-03  |l 0  |o 792.82 MAR  |p 1359622  |r 2025-11-26 00:00:00  |t c.1  |w 2017-08-03  |y BK 
952 |0 0  |1 0  |2 ddc  |4 0  |6 792_820000000000000_MAR  |7 0  |8 COMP  |9 40883  |a BS  |b BS  |c General  |d 2017-08-03  |l 4  |m 2  |o 792.82 MAR  |p 1359623  |r 2025-11-26 00:00:00  |s 2023-09-04  |t c.2  |w 2017-08-03  |y BK 
952 |0 0  |1 0  |4 0  |6 792_820000000000000_MAR  |7 0  |8 COMP  |9 91592  |a BS  |b BS  |c General  |d 2019-03-07  |l 0  |o 792.82 MAR  |p 3645  |r 2025-11-26 00:00:00  |t c.1  |w 2019-03-07  |y DVD 
952 |0 0  |1 0  |4 0  |6 792_820000000000000_MAR  |7 0  |8 COMP  |9 91593  |a BS  |b BS  |c General  |d 2019-03-07  |l 4  |m 1  |o 792.82 MAR  |p 3646  |r 2025-11-26 00:00:00  |s 2023-09-04  |t c.2  |w 2019-03-07  |y DVD 
999 |c 20367  |d 20367 
020 |a 9788480198417 
040 |a UAHC_CL  |c UAHC_CL  |d UAHC_CL 
082 0 4 |a 792.82  |b M385  |2 20 
100 1 |a Martínez López, Emilio J. 
245 1 0 |a Ritmo y expresión corporal mediante coreografías  |c Emilio J. Martínez López , Ma. Luisa Zagalaz Sánchez. 
260 |b Paidotribo,  |a Barcelona :  |c 2007. 
300 |a 214 p.  |e + 1 dvd 
490 0 |a Gimnasia 
520 |a La danza es una de las formas de comunicación y expresión más ricas que aprendida y escenificada en forma de coreografía reúne los principales requisitos de interacción grupal, desde la desinhibición y motivación, hasta el desarrollo de las principales capacidades expresivas, cognitivas y físicas, que favorecen la integración y socialización del individuo.\Este libro desarrolla, con una estructura eminentemente práctica, diez coreografías. El lector encontrará que para cada una de ellas se presenta una ficha de valoración de los aspectos relacionados con el movimiento, la capacidad expresiva y la capacidad cognitiva, todos ellos necesarios para la ejecución y que determinan el grado de dificultad del proceso así como el método más adecuado para su enseñanza.\En el texto también se incluyen los fotogramas temporales de cada una de las coreografías, lo que facilita el aprendizaje de la técnica de cada movimiento y el momento exacto de su ejecución.\\Se incluye un DVD interactivo con las diez coreografías. 
650 0 |a Expresión corporal  |9 3299 
650 0 |a Coreografía  |9 4104 
650 0 |a Ritmo musical  |9 7096 
700 1 |a Zagalaz Sánchez, Ma. Luisa  |q (María Luisa) 
900 |a 792.82 MAR 
942 |c BK  |2 ddc